| 000 | 00377nam a2200145Ia 4500 | ||
|---|---|---|---|
| 008 | 230917s9999||||xx |||||||||||||| ||und|| | ||
| 040 |
_e56422 _aMAIN |
||
| 041 | _aEnglish | ||
| 082 | _a824.09 J714E | ||
| 100 | _aJones, Edmund D, ed. | ||
| 245 | 0 | _aEnglish critical essays: 19th century | |
| 260 |
_aDelhi _bOxford University Press _c1965 |
||
| 300 | _a522 p. | ||
| 942 | _cBK | ||
| 999 |
_c133986 _d133986 |
||